|
|
|
|
| LEADER |
00000nam a2200000 i 4500 |
| 001 |
1/6489 |
| 008 |
960705s1977 eng d |
| 020 |
|
|
|a 0-8240-9911-7
|
| 035 |
|
|
|l 10016371
|
| 040 |
|
|
|a GR-MY-UA
|b gre
|e aacr
|
| 041 |
0 |
|
|a eng
|
| 082 |
0 |
|
|a 016.3012
|
| 100 |
1 |
|
|a Kemper, Robert V.
|
| 245 |
1 |
4 |
|a The history of anthropology :
|b a research bibliography /
|c Robert V. Kember ; John F. S. Phinney
|
| 260 |
|
|
|a New York; London :
|b Garland,
|c 1977
|
| 300 |
|
|
|a 212 p.
|
| 504 |
|
|
|a Includes index
|
| 650 |
0 |
0 |
|a Anthropology
|x History
|x Bibliography.
|
| 700 |
1 |
|
|a Phinney, John F. S.
|
| 852 |
|
|
|a INST
|b LESVOS
|e 19960705
|h 016.3012 KEM
|p 005100022930
|q 005100022930
|t REF
|y 23
|
| 909 |
|
|
|a Λ
|b 012340
|